MARC
| LEADER | 00000nam a2200000Ia 4500 | ||
|---|---|---|---|
| 008 | 170316s9999 xx 000 0 und d | ||
| 040 | |a cru BVZT | ||
| 090 | |a 840 M-29p | ||
| 100 | |a Musset, Alfredo de | ||
| 245 | |a Poesías de Musset | ||
| 260 | |a Barcelona, España | ||
| 260 | |b Fama | ||
| 260 | |c 1949 | ||
| 300 | |a 126 páginas | ||
| 650 | |a LITERATURA FRANCESA | ||
| 999 | |c 7848 |d 7848 | ||
| 942 | |c 15 D |h 840 M-29p |2 z | ||
